04227nam a2200565Ia 45000010005000000080041000050100009000460410014000550820030000692450418000992600011005173000008005285200007005366300016005436300017005596300016005766300027005926500017006196900014006367000035006507000038006857000035007237000032007589010082007909020006008729030074008789040018009529050037009709060006010079070014010139080014010279090051010419100015010929110010011079120014011179130009011319140029011409150019011699160009011889170009011979180014012069190029012205202353012499210007036029220007036099230006036169240014036229420010036369990015036463167241029s9999 xx 000 0 und d a2975 aEspañol aST, MA-DM- 0012, FH 2004  0aComparación del rendimiento académico en el área de Matemáticas de los estudiantes del 2do. Grado del Segundo Ciclo, Nivel Medio de los Liceos: Juan Pablo Duarte (Nocturno), del Municipio de San Francisco de Macorís y Max Henríquez Ureña, del Distrito Municipal de Cenovi, pertenecientes al Distrito Escolar 06-07, provincia Duarte, República Dominicana, segundo semestre. Año escolar 2003-2004. aDuarte a112 a35 aEstudiantes aMatemática aNivel Medio aRedimiento académico aMatemática aElaborado easesoraRamírez, Bélgica  eautora Liranzo Bido , Ana Julia  eautora Reyes Rosario, Marta  easesora Árias , Rafael a{"1":" Liranzo Bido ","2":" Reyes Rosario"}b{"1":"Ana Julia ","2":" Marta "} a2 a{"1":" Árias ","2":"Ramírez"}b{"1":"Rafael","2":" Bélgica "} aMaestría en aDidáctica de las Matemáticas a2 aNO APLICA aNO APLICA aUniversidad Autónoma de Santo Domingo (UASD) aNULLbNULL a["1"] aNO APLICA aNULL a01 de Septiembre de 2004 a19/11/19 12:11 aNULL aNULL aNO APLICA a["96","135","240","242"] aEl objetivo general del estudio consistió en comparar el rendimiento académico en el área de Matemáticas de los/as estudiantes del Segundo Grado del Segundo Ciclo, Nivel Medio de los Liceos, Juan Pablo Duarte (Nocturno) del Municipio de San Francisco de Macorís, y Max Henríquez Ureña del Distrito Municipal de Cenovi.Esta investigación fue un estudio descriptivo-comparativo. Los instrumentos utilizados fueron cuestionario y pruebas diagnósticas. Las técnicas utilizadas para la recolección de los datos fueron análisis de bibliografía, de documentos (registros, archivos, actas, notas de estudiantes de los Liceos). El universo de esta investigación estuvo formado por trescientos cuarenta y ocho (348) alumnos/as de los cuales doscientos veinte (220) pertenecen al Liceo Juan Pablo Duarte (Nocturno) y ciento veintiocho (128) al Liceo Max Henríquez Ureña. Siete (7) docentes, de los mismos cinco (5) pertenecen al Liceo Juan Pablo Duarte y dos (2) al Liceo Max Henríquez Ureña. Con relación a los/as alumnos/as, se seleccionó una muestra de sesenta y un (61) estudiantes de los cuales treinta y nueve (39) son del Liceo Juan Pablo Duarte y veintidós (22) del Liceo Max Henríquez Ureña.Entre los principales resultados del estudio, se destacó que el rendimiento académico en Matemáticas tomando como parámetro los Liceos Juan Pablo Duarte y Max Henríquez Ureña, no es ni muy bajo ni muy alto. La participación es muy frecuente en el desarrollo de la docencia en el Liceo Juan Pablo Duarte (Nocturno). El 49% de los/as estudiantes del Liceo Juan Pablo Duarte (Nocturno), le dedican al estudio de las Matemáticas menos de una hora diaria y el 36% le dedica de 1 a 2 horas. Mientras, el 45% de los/las estudiantes del Liceo Max Henríquez Ureña expresaron que le dedican de 1 a 2 horas y el 41% le dedica menos de una hora al estudio de las Matemáticas. El rendimiento académico de los/as estudiantes del Liceo Max Henríquez Ureña en Pruebas Nacionales, fue mayor que en los del Liceo Juan Pablo Duarte (Nocturno).El estudio recomienda, que el Ministerio de Educación implemente jornadas o talleres extracurriculares con el fin de motivar el estudio de la Matemáticas; incrementar las horas de Matemáticas para poder impartir eficazmente los contenidos programáticos. a16 a16 a0 aNO APLICA cTesis c2975d2975